Statistiken für Luke Humphries Weg zum Darts WM Titel 2024

Klicken Sie hier um das Quiz zu spielen!

Allgemein

  • Dieses Quiz wurde 69 mal gespielt
  • Das Durchschnittsergebnis liegt bei 4 aus 6

Antwortstatistiken

RundeNationalitätErgebnisSpieler% Korrekt
FinaleEngland7:4Luke Littler
100%
3. RundeDeutschland4:3Ricardo Pietreczko
81%
HalbfinaleEngland6:0Scott Williams
79%
AchtelfinaleEngland4:3Joe Cullen
68%
ViertelfinaleEngland5:1Dave Chisnall
64%
2. RundeEngland3:0Lee Evans
34%

Verteilung der Resultate

Perzentil nach korrekt beantworteten Fragen

Anzahl Personen mit jedem Resultat

Ihre Resultats-Entwicklung

Sie haben dieses Quiz noch nicht gespielt